00318nam a2200121Ia 4500008004100000041000800041082001400049100001900063245004500082260002800127300003400155365000700189240624s9999 xx 000 0 und d aeng a332.1 BAY aBAYE MICHAEL R aMONEY BANKING AND FINANCIAL MARKETS AN E c2002aDelhibA.I.T.B.S. axxviii, : 779 : p. : cm. ; 25 cRS